000 00419nam a22001577a 4500
003 NUST - PNEC
005 20170116181017.0
008 150914b xxu||||| |||| 00| 0 eng d
020 _a0273024426
040 _cLIBRARY
082 _a621.388 SMA
100 _910480
_aSmale, P. H.
245 _aIntroduction to telecommunications systems
_cP. H. Smale
650 _93138
_aTelecommunication
_xEE / EL
942 _2ddc
_cBK
999 _c67304
_d67304